[Event "Portela Memorial tt"]
[Site "Havana"]
[Date "2018.07.23"]
[Round "8.4"]
[White "Reyes Oquendo, Samuel Moises"]
[Black "Morales Sanchez, Ernesto Felix"]
[Result "1-0"]
[WhiteElo "1674"]
[BlackElo "1751"]
[PlyCount "71"]
[EventDate "2018.07.16"]
[EventType "team-tourn"]
[EventRounds "9"]
[EventCountry "CUB"]
[SourceTitle "EXT 2021"]
[Source "ChessBase"]
[SourceDate "2020.10.23"]
[SourceVersion "1"]
[SourceVersionDate "2020.10.23"]
[SourceQuality "1"]

1. e4 e5 2. Nf3 Nc6 3. Bc4 Bc5 4. c3 Nf6 5. d3 d6 6. Bb3 0-0 7. Nbd2 Be6 8. Nf1 Ng4 9. Ne3 Nxe3 10. Bxe3 Bxe3 11. fxe3 d5 12. exd5 Bxd5 13. e4 Bxb3 14. axb3 Qd6 15. Qc2 Rad8 16. Rd1 f5 17. 0-0 Qc5+ 18. Kh1 fxe4 19. dxe4 Rxd1 20. Rxd1 Qe3 21. Qd3 Qf2 22. Rd2 Qc5 23. b4 Qe7 24. Qd7 Rf7 25. Qc8+ Qf8 26. Qe6 Qe7 27. Qd5 Kf8 28. b5 Na5 29. b4 c6 30. Qa2 Rxf3 31. gxf3 Qh4 32. bxa5 Qh3 33. Rg2 cxb5 34. Qd2 Qe6 35. Qd8+ Kf7 36. Qd5 1-0

[Event "Maria Teresa Mora Memorial op"]
[Site "Havana"]
[Date "2018.??.??"]
[Round "3"]
[White "Morales Sanchez, Ernesto Felix"]
[Black "Corujedo Hernandez, Rafael"]
[Result "1/2-1/2"]
[WhiteElo "1719"]
[BlackElo "1851"]
[PlyCount "119"]
[EventDate "2018.03.08"]
[EventType "swiss"]
[EventRounds "9"]
[EventCountry "CUB"]
[SourceTitle "EXT 2021"]
[Source "ChessBase"]
[SourceDate "2020.10.23"]
[SourceVersion "1"]
[SourceVersionDate "2020.10.23"]
[SourceQuality "1"]

1. e4 e5 2. Nf3 Nf6 3. Nc3 Nc6 4. d4 exd4 5. Nxd4 d6 6. Nxc6 bxc6 7. Bc4 Be7 8. 0-0 0-0 9. Re1 Be6 10. Bb3 d5 11. e5 Nd7 12. f4 Nc5 13. Be3 Nxb3 14. axb3 c5 15. Na4 d4 16. Bf2 Qd5 17. c4 dxc3 18. Qxd5 Bxd5 19. bxc3 Bxb3 20. Nxc5 Bc4 21. e6 fxe6 22. Nxe6 Bxe6 23. Rxe6 Bf6 24. Rc6 Bd8 25. g3 a5 26. Rc5 a4 27. Rc4 a3 28. Bc5 Re8 29. Rxa3 Rb8 30. Bd4 Re2 31. Rb4 Rc8 32. Rb7 Bf6 33. Raa7 Bxd4+ 34. cxd4 Rd2 35. Rxc7 Rxc7 36. Rxc7 Rxd4 37. h4 Rd2 38. Re7 Kf8 39. Re5 Kf7 40. Kf1 Kf6 41. Re2 Rd3 42. Kf2 h5 43. Re3 Rd5 44. Kf3 Kf5 45. Re7 Rd3+ 46. Kf2 Kf6 47. Re5 g6 48. Re3 Rd5 49. Re8 Rd3 50. Re5 Ra3 51. Rg5 Ra2+ 52. Ke3 Ra3+ 53. Kd4 Ra4+ 54. Kd5 Ra3 55. Kd6 Re3 56. Kd7 Re7+ 57. Kd8 Re3 58. Kd7 Ra3 59. g4 hxg4 60. Rxg4 1/2-1/2

[Event "Maria Teresa Mora Memorial op"]
[Site "Havana"]
[Date "2018.??.??"]
[Round "7"]
[White "Morales Sanchez, Ernesto Felix"]
[Black "Perez Marin, Olivia"]
[Result "0-1"]
[WhiteElo "1719"]
[BlackElo "1831"]
[PlyCount "28"]
[EventDate "2018.03.08"]
[EventType "swiss"]
[EventRounds "9"]
[EventCountry "CUB"]
[SourceTitle "EXT 2021"]
[Source "ChessBase"]
[SourceDate "2020.10.23"]
[SourceVersion "1"]
[SourceVersionDate "2020.10.23"]
[SourceQuality "1"]

1. e4 e6 2. d4 d5 3. Nc3 Bb4 4. exd5 exd5 5. Bd3 Nc6 6. a3 Bxc3+ 7. bxc3 Nf6 8. Ne2 0-0 9. 0-0 Be6 10. Bg5 h6 11. Bh4 Bg4 12. f3 Bd7 13. Z0 Na5 14. Ng3 Nc4 0-1